01313 a2200193 45000010006000000050017000060080041000230030015000640400040000790800043001192450105001620200022002672640043002893000019003325050635003510410008009861000026009948560099010204940920260407155757.0260407a2017 arg spa dAR-UNSa-BCEJYS aAR-UNSa-BCEJYSbspacAR-UNSa-BCEJYS a657.42xCuentas de capital circulante 10aActivos y pasivos intangiblespvisibles e invisibles...pero reales en la contabilidad y los negocios a978-987-716-075-8 1aBuenos Aires :bOsmar D. Buyattic2017 a138 p.c22 cm. aParte I: INMATERIALES O INTNGIBLES. VISIBLES E INVISIBLES EN LA CONTABILIDAD: 1. Normas Contables Profesionales. Introducción - 2. Normas Contables Internacionales - 3. Normas Contables Argentinas - 4. Inmovilizado intangible. Casos prácticos - 5. Llave de negocio - - Parte II: INTANGIBLES O INMATERIALES. VISIBLES E INVISIBLES EN LOS NEGOCIOS: 1. Introducción - 2. El capital intelectual o intangible. Fundamentos teóricos del capital intelectual - 3. Los activos intangibles desde la perspectiva estratégica - 4. Los modelos de capital intelectual o intangible - 5. Los pasivos intangibles. La gestión empresaria.  aspa1 aLang, Víctor Manuel41uhttps://www.biblioeco.unsa.edu.ar/pmb/images/libros/L128075.jpgyImagen de portadaqimage/jpeg